History of Muslim Philosophy (Record no. 347390)
[ view plain ]
| 000 -LEADER | |
|---|---|
| fixed length control field | 00324 a2200133 4500 |
| 082 ## - DEWEY DECIMAL CLASSIFICATION NUMBER | |
| Classification number | 181.7 |
| 090 ## - LOCALLY ASSIGNED LC-TYPE CALL NUMBER (OCLC); LOCAL CALL NUMBER (RLIN) | |
| -- | 4962 |
| -- | 4962 |
| 100 ## - MAIN ENTRY--PERSONAL NAME | |
| Personal name | Sharif,M.M. |
| 245 ## - TITLE STATEMENT | |
| Title | History of Muslim Philosophy |
| Statement of responsibility, etc. | M.M.Sharif |
| 260 ## - PUBLICATION, DISTRIBUTION, ETC. | |
| Place of publication, distribution, etc. | Karachi |
| Name of publisher, distributor, etc. | Royal Book Company |
| Date of publication, distribution, etc. | 1983 |
| 300 ## - PHYSICAL DESCRIPTION | |
| Extent | 787p |
| 500 ## - GENERAL NOTE | |
| General note | Hard cover |
| 942 ## - ADDED ENTRY ELEMENTS (KOHA) | |
| Institution code [OBSOLETE] | NBS |
| Koha item type | Book |
| Call number prefix | 181.7 SHA |
| Withdrawn status | Lost status | Source of classification or shelving scheme | Damaged status | Not for loan | Permanent Location | Current Location | Date acquired | Total Checkouts | Full call number | Barcode | Date last seen | Date last checked out | Price effective from | Koha item type | Total Renewals |
|---|---|---|---|---|---|---|---|---|---|---|---|---|---|---|---|
| Central Library (CL) | Central Library (CL) | 08/28/2013 | 1 | 181.7 SHA | NBS4309 | 07/16/2025 | 01/15/2025 | 08/28/2013 | Book | ||||||
| Central Library (CL) | Central Library (CL) | 08/28/2013 | 5 | 181.7 SHA | NBS4307 | 06/05/2024 | 02/14/2024 | 08/28/2013 | Book | 1 | |||||
| Central Library (CL) | Central Library (CL) | 08/28/2013 | 181.097 HIS | NBS4310 | 08/28/2013 | 08/28/2013 | Book | ||||||||
| Central Library (CL) | Central Library (CL) | 08/28/2013 | 181.7 SHA | NBS4308 | 08/28/2013 | 08/28/2013 | Reference | ||||||||
| Central Library (CL) | Central Library (CL) | 08/28/2013 | 181.7 SHA | NBS4442 | 08/28/2013 | 08/28/2013 | Reference | ||||||||
| Central Library (CL) | Central Library (CL) | 08/28/2013 | 181.7 SHA | NBS4441 | 08/28/2013 | 08/28/2013 | Reference |
